01285cam a2200253 i 45000010009000000050017000090080041000260100017000670200018000840200018001020200018001200400028001380420008001660500020001740820014001941000038002082450061002462500020003073000061003275040067003885200397004556500022008527760157008742113391720231012125056.0190815s2021 nyu b 001 0 eng  a 2019034697 a9780190925093 a9780190925116 z9780190925109 aDLCbengcDLCerdadDLC apcc00aHD 59 .K45 202100a659.22231 aKelleher, Tomq(Tom A.),eauthor.10aPublic relations /cTom Kelleher, University of Florida. aSecond edition. axxi, 442 pages :billustrations (chiefly color) ;c26 cm aIncludes bibliographical references (pages 402-420) and index. a"Public Relations presents a clear, engaging and contemporary picture of public relations principles while seamlessly integrating technical and cultural shifts brought about by the rise of social media. Both its professional relevance and digital savvy make Public Relations the new standard for introductory public relations courses. The most contemporary introduction to public relations"-- 0aPublic relations.08iOnline version:aKelleher, Tom (Tom A.).tPublic relationsbSecond edition.dNew York : Oxford University Press, [2021]z9780190925109w(DLC) 2019034698